[Event "Dundee & Angus Major"]
[Site "Dundee"]
[Date "2016.10.09"]
[Round "5"]
[White "MacQueen, Andrew"]
[Black "Hegde, Stuthi"]
[Result "1-0"]
[WhiteElo "1750"]
[BlackElo "1331"]
[PlyCount "79"]
[EventDate "2016.10.07"]
[EventType "swiss"]
[EventRounds "5"]
[EventCountry "SCO"]
[SourceTitle "EXT 2023"]
[Source "ChessBase"]
[SourceDate "2022.10.05"]
[SourceVersion "1"]
[SourceVersionDate "2022.10.05"]
[SourceQuality "1"]

1. e4 c5 2. Nf3 Nc6 3. d4 cxd4 4. Nxd4 e5 5. Nb5 d6 6. N1c3 a6 7. Na3 b5 8. Nd5 Nf6 9. Bg5 Be7 10. Bxf6 Bxf6 11. c3 Bg5 12. Be2 Ne7 13. 0-0 Bb7 14. Nc2 0-0 15. a4 f5 16. axb5 axb5 17. Rxa8 Bxa8 18. Nxe7+ Qxe7 19. exf5 Rxf5 20. Ne1 Bf4 21. Qb3+ Kf8 22. Qxb5 Qd8 23. Nf3 Bxf3 24. Bxf3 Bxh2+ 25. Kxh2 Rxf3 26. g3 Rf6 27. Qd5 Rh6+ 28. Kg2 Qd7 29. Ra1 Qh3+ 30. Kf3 Qf5+ 31. Ke3 Qg5+ 32. Ke2 Qg4+ 33. Kd2 Qg5+ 34. Kc2 Qf5+ 35. Kb3 Qxf2 36. Ra8+ Ke7 37. Qb7+ Ke6 38. Qc8+ Ke7 39. Qe8+ Kf6 40. Qf8+ 1-0

[Event "Dundee & Angus Major"]
[Site "Dundee"]
[Date "2016.10.08"]
[Round "3"]
[White "Murray, Frankie"]
[Black "Hegde, Stuthi"]
[Result "0-1"]
[WhiteElo "1632"]
[BlackElo "1331"]
[PlyCount "32"]
[EventDate "2016.10.07"]
[EventType "swiss"]
[EventRounds "5"]
[EventCountry "SCO"]
[SourceTitle "EXT 2023"]
[Source "ChessBase"]
[SourceDate "2022.10.05"]
[SourceVersion "1"]
[SourceVersionDate "2022.10.05"]
[SourceQuality "1"]

1. d4 d5 2. c4 e6 3. Nc3 Nf6 4. cxd5 exd5 5. Bg5 c6 6. Qc2 h6 7. Bh4 g6 8. Bxf6 Qxf6 9. Nxd5 Qxd4 10. e4 Bb4+ 11. Ke2 Bc5 12. Nc7+ Ke7 13. Kf3 Qf6+ 14. Ke2 Qxf2+ 15. Kd3 Qe3+ 16. Kc4 Qd4+ 0-1

[Event "Gilbert Cup"]
[Site "Daventry"]
[Date "2016.07.18"]
[Round "3.5"]
[White "Hegde, Stuthi"]
[Black "Ivanov, Elizabeth"]
[Result "1/2-1/2"]
[WhiteElo "1408"]
[BlackElo "1599"]
[PlyCount "87"]
[EventDate "2016.07.17"]
[EventType "team-tourn"]
[EventRounds "5"]
[EventCountry "ENG"]
[SourceTitle "CBM 173 Extra"]
[Source "ChessBase"]
[SourceDate "2016.08.29"]
[SourceVersion "1"]
[SourceVersionDate "2016.08.29"]
[SourceQuality "1"]
[WhiteTeam "Scotland (W)"]
[BlackTeam "England (W) II"]
[WhiteTeamCountry "SCO"]
[BlackTeamCountry "ENG"]

1. d4 d5 2. Nf3 c6 3. c3 Nf6 4. Bf4 Bf5 5. e3 e6 6. Nbd2 Bd6 7. Bxd6 Qxd6 8. Ne5 Nbd7 9. Ndf3 Ng4 10. Nxd7 Qxd7 11. h3 Nf6 12. Bd3 Bxd3 13. Qxd3 Ne4 14. 0-0 0-0 15. Nd2 Nxd2 16. Qxd2 Qe7 17. Rfe1 Qg5 18. Rad1 Rad8 19. e4 Qxd2 20. Rxd2 Rfe8 21. e5 b6 22. Rc1 c5 23. dxc5 bxc5 24. Rcd1 Rb8 25. b3 Rec8 26. f4 c4 27. b4 Kf8 28. f5 Rc7 29. fxe6 fxe6 30. Rf2+ Rf7 31. Rdf1 Rxf2 32. Kxf2 Ke7 33. Ke3 Rf8 34. Rxf8 Kxf8 35. Kd4 Ke8 36. Kc5 Kd7 37. a3 Kc7 38. a4 g5 39. g4 h6 40. b5 Kc8 41. Kd4 Kd7 42. a5 Kc7 43. Kc5 Kc8 44. Kd4 1/2-1/2

[Event "Gilbert Cup"]
[Site "Daventry"]
[Date "2016.07.18"]
[Round "4.5"]
[White "Varney, Zoe"]
[Black "Hegde, Stuthi"]
[Result "1-0"]
[WhiteElo "1818"]
[BlackElo "1408"]
[PlyCount "153"]
[EventDate "2016.07.17"]
[EventType "team-tourn"]
[EventRounds "5"]
[EventCountry "ENG"]
[SourceTitle "CBM 173 Extra"]
[Source "ChessBase"]
[SourceDate "2016.08.29"]
[SourceVersion "1"]
[SourceVersionDate "2016.08.29"]
[SourceQuality "1"]
[WhiteTeam "England (W)"]
[BlackTeam "Scotland (W)"]
[WhiteTeamCountry "ENG"]
[BlackTeamCountry "SCO"]

1. e4 c5 2. c3 d5 3. exd5 Qxd5 4. d4 Nf6 5. Nf3 Bg4 6. Be2 e6 7. 0-0 Nc6 8. Be3 cxd4 9. cxd4 Bb4 10. a3 Ba5 11. b4 Bb6 12. Nc3 Qd8 13. Rc1 0-0 14. Qd2 Rc8 15. Rfd1 Ne7 16. Bg5 Ned5 17. h3 Bf5 18. Nxd5 exd5 19. Qf4 Be6 20. Bxf6 Qxf6 21. Qxf6 gxf6 22. Bd3 Rc7 23. Rxc7 Bxc7 24. Rc1 Bd6 25. Kf1 Re8 26. Nd2 Bd7 27. Nb3 b6 28. Re1 Rc8 29. Rc1 Re8 30. Ba6 Ba4 31. Rc3 Re4 32. f3 Rh4 33. Ke2 Bxb3 34. Rxb3 Rxd4 35. Rd3 Rxd3 36. Kxd3 Be5 37. a4 Kg7 38. Bb7 d4 39. b5 h6 40. Ke4 Kg6 41. f4 Bd6 42. Kxd4 Bxf4 43. Kd5 Kg5 44. Kc6 Bg3 45. Kd7 f5 46. Bd5 f6 47. Kc6 Be5 48. Kb7 Bd4 49. Kxa7 f4 50. Ka6 Kf5 51. a5 bxa5 52. Kxa5 Ke5 53. Bf3 Kd6 54. b6 Kd7 55. Bb7 Be5 56. Kb5 Bd6 57. Kc4 Be5 58. Kd5 Bb8 59. Ke4 Ke6 60. Bc8+ Ke7 61. Kf5 Kf7 62. Ba6 Be5 63. Bc4+ Ke7 64. Bd5 Kd6 65. Bf3 Kc5 66. b7 Kb6 67. Kg6 Kc7 68. Kxh6 Kb8 69. Kg6 Kc7 70. h4 Kd7 71. Kf7 f5 72. h5 Kc7 73. h6 Bh8 74. h7 Be5 75. Kg8 Kb8 76. h8Q Bxh8 77. Kxh8 1-0

[Event "SCO-ch 123rd"]
[Site "Glasgow"]
[Date "2016.07.11"]
[Round "3"]
[White "Hegde, Stuthi"]
[Black "Begg, David"]
[Result "0-1"]
[WhiteElo "1408"]
[BlackElo "1970"]
[PlyCount "100"]
[EventDate "2016.07.09"]
[EventType "swiss"]
[EventRounds "9"]
[EventCountry "SCO"]
[SourceTitle "CBM 173 Extra"]
[Source "ChessBase"]
[SourceDate "2016.08.29"]
[SourceVersion "1"]
[SourceVersionDate "2016.08.29"]
[SourceQuality "1"]

1. d4 d5 2. Bf4 Nf6 3. e3 c5 4. c3 Qb6 5. Qb3 c4 6. Qxb6 axb6 7. Nd2 Nc6 8. a4 Bf5 9. Ngf3 Bc2 10. Be2 b5 11. a5 Rxa5 12. Rxa5 Nxa5 13. 0-0 e6 14. Ra1 Ba4 15. Bd1 Nb3 16. Nxb3 cxb3 17. Nd2 Kd7 18. Bxb3 Bxb3 19. Nxb3 Be7 20. h3 Kc6 21. Na5+ Kb6 22. Nb3 Rc8 23. Kf1 b4 24. cxb4 Rc2 25. Rc1 Rxb2 26. Bc7+ Kb5 27. Na5 Bxb4 28. Nxb7 Ne4 29. Bg3 Nxg3+ 30. fxg3 Bd2 31. Rc7 Bxe3 32. Rxf7 Bxd4 33. Nd6+ Kc6 34. Ne8 Rb7 35. Rxb7 Kxb7 36. Nd6+ Kc6 37. Nf7 h6 38. g4 e5 39. g5 h5 40. Nh8 e4 41. Ng6 Be3 42. h4 Kd6 43. Ke2 d4 44. g3 Ke6 45. Nf8+ Kf5 46. Nd7 Bc1 47. Kd1 Ba3 48. Nb6 Kg4 49. Nc4 Bb4 50. Ke2 Kxg3 0-1

[Event "SCO-ch 123rd"]
[Site "Glasgow"]
[Date "2016.07.09"]
[Round "1"]
[White "Hegde, Stuthi"]
[Black "Brown, Allan D"]
[Result "1/2-1/2"]
[WhiteElo "1408"]
[BlackElo "1795"]
[PlyCount "65"]
[EventDate "2016.07.09"]
[EventType "swiss"]
[EventRounds "9"]
[EventCountry "SCO"]
[SourceTitle "CBM 173 Extra"]
[Source "ChessBase"]
[SourceDate "2016.08.29"]
[SourceVersion "1"]
[SourceVersionDate "2016.08.29"]
[SourceQuality "1"]

1. d4 Nf6 2. Nf3 d5 3. Bf4 e6 4. e3 Nbd7 5. Nbd2 c5 6. c3 b6 7. Bd3 Be7 8. h3 0-0 9. 0-0 Bb7 10. Re1 Ne4 11. Bxe4 dxe4 12. Ne5 Nxe5 13. dxe5 Qc7 14. Qc2 Qc6 15. Rad1 Rad8 16. Nc4 g5 17. Bh2 Rd3 18. Nd6 Bxd6 19. exd6 c4 20. Qe2 Qd5 21. Qg4 Qf5 22. Qxf5 exf5 23. Kf1 Rd8 24. Be5 Rd7 25. Ke2 h6 26. Rd2 Kh7 27. Red1 Kg6 28. Ke1 f6 29. Bh2 h5 30. Ke2 h4 31. a3 Bc6 32. Ke1 Kf7 33. Ke2 1/2-1/2